000 00790nam a2200253Ia 4500
003 OSt
005 20220923211522.0
006 a|||||r|||| 00| 0
007 ta
008 Pun
020 _a9789380906218 (hbk)
_c300
024 _a278,347
037 _b671, 03/06/2013, H.K. Prakashan
_cTextual
040 _aARTS
_cARTS
_bPun
041 _2Pun
_aPun
082 _aO153,6(w,1), Q1
100 _aਸਿਕੰਦ, ਬਲਬੀਰ
_9156290
245 0 _aਗ਼ੰਗਾਲਿਆ ਕਿੱਲ
260 _aਗ੍ਰੇFਿਅਸ
_b ਪਟਿਆਲਾ
_c2011
300 _a195ਪੰ
_ccm.
650 _aਪੰਜਾਬੀ ਸਾਹਿਤ
942 _hO153,6(w,1), Q1
_cTEXL
_2CC
999 _c300341
_d300341